[Event "Skopje Karposh op"]
[Site "Skopje"]
[Date "2015.03.28"]
[Round "3"]
[White "Pancevski, Filip"]
[Black "Andonovski, Ljubisa"]
[Result "1-0"]
[WhiteElo "2485"]
[BlackElo "2290"]
[PlyCount "63"]
[EventDate "2015.03.27"]
[EventType "swiss"]
[EventRounds "9"]
[EventCountry "MKD"]
[SourceTitle "CBM 165 Extra"]
[Source "ChessBase"]
[SourceDate "2015.04.21"]
[SourceVersion "1"]
[SourceVersionDate "2015.04.21"]
[SourceQuality "1"]

1. e4 e5 2. Bc4 Nf6 3. d3 Nc6 4. Nf3 Bc5 5. Nbd2 0-0 6. Bb3 d6 7. c3 a6 8. h3 h6 9. Qe2 Be6 10. Bc2 Ba7 11. g4 Nh7 12. Nf1 Ne7 13. Ng3 Ng6 14. Nf5 Re8 15. Be3 d5 16. 0-0-0 c5 17. Kb1 d4 18. cxd4 cxd4 19. Bd2 Rc8 20. Rc1 Rc6 21. h4 Nf4 22. Bxf4 exf4 23. Qd2 Bc5 24. Ba4 b5 25. Bb3 Bxb3 26. axb3 Ree6 27. Qxf4 Bd6 28. e5 Rxc1+ 29. Rxc1 Bb8 30. Qxd4 Qe8 31. Qd5 Bxe5 32. Qb7 1-0

[Event "Skopje Karposh op"]
[Site "Skopje"]
[Date "2015.03.27"]
[Round "1"]
[White "Andonovski, Ljubisa"]
[Black "Petrovic, Lazar1111"]
[Result "1-0"]
[WhiteElo "2290"]
[BlackElo "1694"]
[PlyCount "87"]
[EventDate "2015.03.27"]
[EventType "swiss"]
[EventRounds "9"]
[EventCountry "MKD"]
[SourceTitle "CBM 165 Extra"]
[Source "ChessBase"]
[SourceDate "2015.04.21"]
[SourceVersion "1"]
[SourceVersionDate "2015.04.21"]
[SourceQuality "1"]

1. d4 d5 2. c4 e6 3. Nf3 Nf6 4. g3 b6 5. Bg2 Bb7 6. cxd5 Nxd5 7. 0-0 Be7 8. Qa4+ Qd7 9. Qc2 c5 10. Ne5 Qc8 11. Qa4+ Bc6 12. Nxc6 Qxc6 13. Qd1 Qc8 14. Nc3 Nd7 15. Nxd5 exd5 16. Bxd5 Rb8 17. Bf4 0-0 18. dxc5 Bxc5 19. Rc1 Qd8 20. Bxb8 Qxb8 21. a3 a5 22. e3 Nf6 23. Bf3 Rd8 24. Qa4 Qe5 25. Rfd1 Rxd1+ 26. Qxd1 g6 27. Qc2 Kg7 28. Kg2 Nd5 29. Rd1 Nc7 30. Rd7 Nb5 31. b4 axb4 32. axb4 Bf8 33. Rd5 Qe8 34. Qb2+ Kg8 35. Qf6 Nc7 36. Rd8 Qe6 37. Qxe6 Nxe6 38. Rb8 Kg7 39. Rxb6 Kf6 40. Bd5 Ke7 41. Bxe6 fxe6 42. Rb7+ Kd6 43. Rxh7 Be7 44. b5 1-0